Southville International School and Colleges
Your cart is empty.
  • Cart
  • Lists
    Public lists Eva Luna New books Lux_list list_1
    Your lists Log in to create your own lists
  • Log in to your account
  • Your cookies
  • Search history
Southville International School and Colleges
  • Advanced search
  • Recent comments
  • Most popular
  • Libraries

Log in to your account

Log in with GOOGLE


If you do not have an external account, but do have a local account, you can still log in:

  1. Home
  2. MARC view: The next big investment boom :
Normal view MARC view ISBD view

The next big investment boom : (Record no. 23566)

[ view plain ]
MARC details
000 -LEADER
fixed length control field 00593nam a2200193 a 4500
005 - DATE AND TIME OF LATEST TRANSACTION
control field 20140310183455.0
008 - FIXED-LENGTH DATA ELEMENTS--GENERAL INFORMATION
fixed length control field 090803s19uu xx 00 eng d
020 ## - INTERNATIONAL STANDARD BOOK NUMBER
International Standard Book Number 0749445777
050 ## - LIBRARY OF CONGRESS CALL NUMBER
Classification number HG 4521
Item number .Sh525 2006
100 ## - MAIN ENTRY--PERSONAL NAME
Personal name Shipman, Mark
245 ## - TITLE STATEMENT
Title The next big investment boom :
Remainder of title learn the secret of investing from a master and how to profit from commodities /
Statement of responsibility, etc Mark Shipman.
260 ## - PUBLICATION, DISTRIBUTION, ETC. (IMPRINT)
Place of publication, distribution, etc London :
Name of publisher, distributor, etc Kogan Page,
Date of publication, distribution, etc 2006.
300 ## - PHYSICAL DESCRIPTION
Extent 179 p. :
Dimensions 25 cm.
521 ## - TARGET AUDIENCE NOTE
Target audience note
650 ## - SUBJECT ADDED ENTRY--TOPICAL TERM
Topical term or geographic name as entry element Investments.
650 ## - SUBJECT ADDED ENTRY--TOPICAL TERM
Topical term or geographic name as entry element Commodity exchanges.
942 ## - ADDED ENTRY ELEMENTS (KOHA)
Koha item type Books
Source of classification or shelving scheme Library of Congress Classification
Call number prefix Foreign
Holdings
Withdrawn status Lost status Source of classification or shelving scheme Damaged status Home library Current library Shelving location Date acquired Source of acquisition Cost, normal purchase price Total Checkouts Total Renewals Full call number Barcode Date last seen Date checked out Copy number Price effective from Koha item type
    Library of Congress Classification   College Library College Library General Circulation Section 08/03/2009 Donation 2020.00 1 1 HG 4521 .Sh525 2006 C10513 05/15/2018 07/18/2017 1 10/18/2013 Books

The next big investment boom :

APA

Shipman M., . (2006). The next big investment boom. London: Kogan Page.

Chicago

Shipman Mark, . 2006. The next big investment boom. London: Kogan Page.

Harvard

Shipman M., . (2006). The next big investment boom. London: Kogan Page.

MLA

Shipman Mark, . The next big investment boom. London: Kogan Page. 2006.

  • Place hold
  • Print
  • Cite
  • Add to your cart (remove)
  • Save record
    BIBTEX Dublin Core MARCXML MARC (non-Unicode/MARC-8) MARC (Unicode/UTF-8) MARC (Unicode/UTF-8, Standard) MODS (XML) RIS
  • More searches
    Search for this title in:
    Other Libraries (WorldCat) Other Databases (Google Scholar) Online Stores (Bookfinder.com) Open Library (openlibrary.org)

Exporting to Dublin Core...

SOUTHVILLE LIBRARY

Southville International School and Colleges Library

1281 Tropical Ave. Cor. Luxembourg St., BF Homes International, Las Pinas City

Tel. No. 8256374 / 252358 Loc. 117/146

Powered by Koha